Adam Małysz czy Kamil Stoch? - Statystyki

Ogólne statystyki
  • Ten quiz został rozwiązany 81 razy
    80 od ostatniego zresetowania
  • Średni wynik to 14 z 15
Statystyki odpowiedzi
Zagadnienie Odpowiedź % Poprawnych
Zakończył karierę w 2011 r. Adam Małysz
100%
Pierwszy Polak, który wygrał Turniej Czterech Skoczni Adam Małysz
99%
Brał udział w Igrzyskach Olimpijskich 2002 w Salt Lake City Adam Małysz
99%
Triumfował we wszystkich konkursach Turnieju Czterech Skoczni w jeden edycji Kamil Stoch
99%
Urodził się w Zębie Kamil Stoch
99%
Brał udział w Igrzyskach Olimpijskich 2014 w Soczi Kamil Stoch
99%
Patron skoczni narciarskiej w Wiśle Adam Małysz
97%
Nazywany "Orłem z Wisły" Adam Małysz
96%
Zdobył cztery medale olimpijskie w tym trzy złote Kamil Stoch
96%
Wygrał cykl Raw Air Kamil Stoch
94%
Mistrz Świata z 2013 r. Kamil Stoch
93%
Oddał dłuższy skok na nartach Kamil Stoch
93%
Zdobył cztery Kryształowe Kule Adam Małysz
90%
Trzy razy wygrał Turniej Czterech Skoczni Kamil Stoch
88%
Więcej razy stawał na podium zawodów Pucharu Świata Adam Małysz
64%
Nie znaleziono quizów pasujących do podanych kryteriów
Rozkład punktacji
Procent ludzi z każdym wynikiem
Percentyl według liczby udzielonych odpowiedzi
Twoja historia wyników
Nie rozwiązałeś tego quizu od ostatniego zresetowania